[Event "Aeroflot Open 2016"]
[Site "Moscu RUS"]
[Date "2016.03.06"]
[Round "6.5"]
[White "Sjugirov, Sanan"]
[Black "Goganov, Aleksey"]
[Result "1/2-1/2"]
[WhiteElo "2667"]
[BlackElo "2575"]
[PlyCount "110"]
[EventDate "2016.03.01"]
[EventType "swiss"]
[EventRounds "9"]
[EventCountry "RUS"]
[Source "lmi"]
[SourceDate "2016.03.01"]

1. Nf3 d5 2. g3 c6 3. Bg2 Bg4 4. O-O Nd7 5. h3 Bxf3 6. exf3 g6 7. f4 Bg7 8. d3
e6 9. Nd2 Ne7 10. Nf3 O-O 11. Re1 Qc7 12. Qe2 Nf5 13. c3 Rae8 14. h4 e5 15.
fxe5 Nxe5 16. Bf4 Nxf3+ 17. Qxf3 Qd8 18. Bg5 f6 19. Bf4 Bh6 20. Bxh6 Nxh6 21.
c4 dxc4 22. dxc4 Kg7 23. Qa3 Rxe1+ 24. Rxe1 Qd4 25. Qb3 Rf7 26. Rd1 Qc5 27. Qc3
Ng4 28. Rd4 h5 29. b4 Qe5 30. Bf3 Re7 31. Kg2 f5 32. Qd2 Kh7 33. c5 Qg7 34. Rd6
Ne5 35. Be2 Nf7 36. Rd3 Ne5 37. Rd4 Nf7 38. Bc4 Ne5 39. Bb3 Ng4 40. Bd1 Ne5 41.
Qg5 Re8 42. Qd2 Re7 43. Bb3 Ng4 44. Rd8 Qe5 45. Bd1 Nf6 46. Qd6 Kg7 47. Qxe5
Rxe5 48. Rb8 Re7 49. Bf3 a6 50. a4 Ng4 51. b5 axb5 52. axb5 Ne5 53. bxc6 bxc6
54. Rc8 Nd3 55. Bxc6 Nxc5 1/2-1/2

[Event "Aeroflot Open 2016"]
[Site "Moscu RUS"]
[Date "2016.03.06"]
[Round "6.6"]
[White "Fedoseev, Vladimir"]
[Black "Wen, Yang"]
[Result "1/2-1/2"]
[WhiteElo "2664"]
[BlackElo "2609"]
[PlyCount "59"]
[EventDate "2016.03.01"]
[EventType "swiss"]
[EventRounds "9"]
[EventCountry "RUS"]
[Source "lmi"]
[SourceDate "2016.03.01"]

1. d4 d5 2. c4 c6 3. Nf3 Nf6 4. Nc3 e6 5. e3 Nbd7 6. Qc2 Bd6 7. b3 O-O 8. Bb2
b6 9. Bd3 Bb7 10. O-O Rc8 11. Qe2 Re8 12. Rfd1 Qe7 13. cxd5 exd5 14. Rac1 Rcd8
15. Bf5 Bb8 16. Bh3 g6 17. g3 Nh5 18. Ne1 Ng7 19. Nd3 h5 20. b4 Ba6 21. b5 Bxb5
22. Nxb5 cxb5 23. Bg2 Qg5 24. Ne5 Bxe5 25. dxe5 Nxe5 26. Qxb5 d4 27. Qa4 Qf5
28. Bxd4 Nf3+ 29. Bxf3 Qxf3 30. Bxg7 1/2-1/2

[Event "Aeroflot Open 2016"]
[Site "Moscu RUS"]
[Date "2016.03.06"]
[Round "6.8"]
[White "Bachmann, Axel"]
[Black "Rakhmanov, Aleksandr"]
[Result "1/2-1/2"]
[WhiteElo "2609"]
[BlackElo "2650"]
[PlyCount "41"]
[EventDate "2016.03.01"]
[EventType "swiss"]
[EventRounds "9"]
[EventCountry "RUS"]
[Source "lmi"]
[SourceDate "2016.03.01"]

1. c4 c6 2. Nf3 Nf6 3. g3 g6 4. b3 Bg7 5. Bb2 d5 6. Bg2 O-O 7. O-O Bg4 8. d3
Bxf3 9. Bxf3 e6 10. a3 Nbd7 11. Nd2 Ne8 12. Qc2 Bxb2 13. Qxb2 Qf6 14. Qxf6
Nexf6 15. d4 Rfd8 16. Rfc1 Rab8 17. Ra2 dxc4 18. Nxc4 Nb6 19. e3 Nxc4 20. Rxc4
h5 21. h4 1/2-1/2

[Event "Aeroflot Open 2016"]
[Site "Moscu RUS"]
[Date "2016.03.06"]
[Round "6.12"]
[White "Inarkiev, Ernesto"]
[Black "Savchenko, Boris"]
[Result "1-0"]
[WhiteElo "2677"]
[BlackElo "2610"]
[PlyCount "89"]
[EventDate "2016.03.01"]
[EventType "swiss"]
[EventRounds "9"]
[EventCountry "RUS"]
[Source "lmi"]
[SourceDate "2016.03.01"]

1. d4 Nf6 2. c4 e6 3. Nf3 d5 4. g3 dxc4 5. Bg2 a6 6. Ne5 Bb4+ 7. Nc3 Nd5 8. Bd2
b5 9. O-O Bxc3 10. bxc3 Bb7 11. Qb1 Qc8 12. a4 c6 13. e4 Ne7 14. Bc1 f6 15. Ng4
Kf7 16. Ba3 Nd7 17. f4 c5 18. axb5 axb5 19. Qxb5 cxd4 20. cxd4 Nc6 21. e5 Ra5
22. Qxc4 Ba6 23. Qc3 Bxf1 24. Rxf1 Ra6 25. Rc1 Ne7 26. Qd3 Rxa3 27. Qxa3 Qb8
28. exf6 gxf6 29. Nh6+ Ke8 30. Re1 Qb6 31. Kh1 Nc8 32. Bd5 e5 33. dxe5 fxe5 34.
Ng4 Qd6 35. Qxd6 Nxd6 36. Nxe5 Kd8 37. Ra1 Nb6 38. Ra6 Nbc8 39. Kg2 Rf8 40. Kf3
h5 41. Be6 Rf6 42. Bxc8 Kxc8 43. Rc6+ Kb7 44. Kg2 Rh6 45. Kh3 1-0

[Event "Aeroflot Open 2016"]
[Site "Moscu RUS"]
[Date "2016.03.06"]
[Round "6.14"]
[White "Predke, Alexandr"]
[Black "Swiercz, Dariusz"]
[Result "1/2-1/2"]
[WhiteElo "2508"]
[BlackElo "2665"]
[PlyCount "120"]
[EventDate "2016.03.01"]
[EventType "swiss"]
[EventRounds "9"]
[EventCountry "RUS"]
[Source "lmi"]
[SourceDate "2016.03.01"]

1. e4 c5 2. Nf3 d6 3. d4 cxd4 4. Nxd4 Nf6 5. Nc3 a6 6. Be3 e5 7. Nb3 Be6 8. f3
h5 9. Be2 Nbd7 10. O-O b5 11. Qe1 Qc7 12. Qf2 Be7 13. Rfd1 O-O 14. a4 b4 15.
Nd5 Bxd5 16. exd5 Bd8 17. Rd2 Nb6 18. Bxb6 Qxb6 19. a5 Qb7 20. Bc4 Nd7 21. Rdd1
Bg5 22. Nd2 Bxd2 23. Qxd2 Nc5 24. b3 Rae8 25. Qg5 g6 26. Qf6 Qe7 27. Qxe7 Rxe7
28. h4 Kg7 29. Kf2 f5 30. Rd2 Kf6 31. Rh1 f4 32. Rdd1 Rg8 33. Rhg1 Rf7 34. g4
fxg3+ 35. Rxg3 Kg7 36. Ke3 Rf4 37. Rdg1 Kh6 38. Rh3 Rgf8 39. Be2 R8f6 40. Bc4
Rd4 41. Rh2 Rdf4 42. Rh3 e4 43. Be2 exf3 44. Bxf3 R4f5 45. Re1 Nd7 46. Rg1 Nc5
47. Re1 Rf8 48. Re2 Nd7 49. Be4 Re8 50. Kd2 Rf4 51. Bd3 Rxe2+ 52. Kxe2 Nc5 53.
Bc4 Kg7 54. c3 bxc3 55. Rxc3 Rxh4 56. b4 Na4 57. Rc1 Nb2 58. Bxa6 Rxb4 59. Rc7+
Kf6 60. Rb7 Ke5 1/2-1/2

[Event "Aeroflot Open 2016"]
[Site "Moscu RUS"]
[Date "2016.03.06"]
[Round "6.15"]
[White "Safarli, Eltaj"]
[Black "Bocharov, Dmitry"]
[Result "1/2-1/2"]
[WhiteElo "2663"]
[BlackElo "2595"]
[PlyCount "123"]
[EventDate "2016.03.01"]
[EventType "swiss"]
[EventRounds "9"]
[EventCountry "RUS"]
[Source "lmi"]
[SourceDate "2016.03.01"]

1. e4 c5 2. Nf3 e6 3. d4 cxd4 4. Nxd4 a6 5. Nc3 Qc7 6. Bd3 Nf6 7. f4 d6 8. Qf3
g6 9. g4 Bg7 10. g5 Nfd7 11. Be3 Nc6 12. Qf2 Nc5 13. O-O-O Bd7 14. Kb1 Nxd4 15.
Bxd4 Bxd4 16. Qxd4 O-O-O 17. h4 Bc6 18. h5 Rhe8 19. hxg6 hxg6 20. Rh7 e5 21.
fxe5 Rxe5 22. Bc4 Ne6 23. Bxe6+ Rxe6 24. Rf1 Re7 25. a3 Kb8 26. Rf6 Ka8 27. Qd2
Kb8 28. Qf2 Rdd7 29. Qf4 Qd8 30. Qh2 Ka7 31. Rh8 Qc7 32. Qf2+ b6 33. Rf8 Bb7
34. Nd5 Bxd5 35. exd5 Qb7 36. c4 Qc7 37. Rf4 Kb7 38. Ka2 a5 39. Qf1 Ka7 40. Rh4
Rd8 41. Rxd8 Qxd8 42. Rf4 Qc7 43. Rf6 Kb7 44. Qf4 Rd7 45. Kb3 Ka6 46. Kc3 Kb7
47. Kd3 Ka7 48. b4 axb4 49. axb4 Kb7 50. Kc3 Kb8 51. Kb3 Kc8 52. Qg4 Kb8 53.
Rf4 Re7 54. Re4 Kb7 55. Qe2 Rxe4 56. Qxe4 Qd7 57. Qe3 Kc7 58. Kc3 Kb7 59. Kb2
Kc7 60. Kb3 Kb7 61. Kc3 Kc7 62. Kb3 1/2-1/2

[Event "Aeroflot Open 2016"]
[Site "Moscu RUS"]
[Date "2016.03.06"]
[Round "6.16"]
[White "Motylev, Alexander"]
[Black "Potkin, Vladimir"]
[Result "1/2-1/2"]
[WhiteElo "2655"]
[BlackElo "2585"]
[PlyCount "24"]
[EventDate "2016.03.01"]
[EventType "swiss"]
[EventRounds "9"]
[EventCountry "RUS"]
[Source "lmi"]
[SourceDate "2016.03.01"]

1. Nf3 Nf6 2. c4 c5 3. g3 g6 4. Bg2 Bg7 5. O-O O-O 6. d4 cxd4 7. Nxd4 d5 8.
cxd5 Nxd5 9. Nb5 Be6 10. Nd4 Bc8 11. Nb5 Be6 12. Nd4 Bc8 1/2-1/2

[Event "Aeroflot Open 2016"]
[Site "Moscu RUS"]
[Date "2016.03.06"]
[Round "6.17"]
[White "Bluebaum, Matthias"]
[Black "Sasikiran, Krishnan"]
[Result "0-1"]
[WhiteElo "2605"]
[BlackElo "2637"]
[PlyCount "134"]
[EventDate "2016.03.01"]
[EventType "swiss"]
[EventRounds "9"]
[EventCountry "RUS"]
[Source "lmi"]
[SourceDate "2016.03.01"]

1. d4 d5 2. c4 c6 3. Nf3 Nf6 4. Nc3 e6 5. e3 Nbd7 6. Bd3 dxc4 7. Bxc4 b5 8. Bd3
Bb7 9. O-O a6 10. e4 c5 11. d5 c4 12. Bc2 Qc7 13. dxe6 fxe6 14. Ne2 O-O-O 15.
Qe1 Bc5 16. b4 Bb6 17. a4 Rhf8 18. Bf4 e5 19. Be3 Nxe4 20. axb5 axb5 21. Bxe4
Bxe4 22. Ng5 Bb7 23. Nc3 Qc6 24. Nge4 Bc7 25. f3 Nf6 26. Nc5 Nd5 27. Nxd5 Rxd5
28. Ra7 Rxc5 29. Bxc5 Rd8 30. Qg3 Rd7 31. Raa1 Qe6 32. Qf2 e4 33. fxe4 Bxe4 34.
Rfe1 Qg6 35. Qe2 Bd5 36. Qe8+ Qxe8 37. Rxe8+ Kb7 38. Ra7+ Kc6 39. Ra6+ Kb7 40.
Ra7+ Kc6 41. Be3 Rf7 42. Bd4 c3 43. Ra3 Bc4 44. Re1 c2 45. Rc3 Rd7 46. Be3 Rd1
47. Kf2 Bxh2 48. Rxc2 Bg3+ 49. Kxg3 Rxe1 50. Bc5 Re6 51. Rd2 Bd5 52. Kf4 Rf6+
53. Kg3 Rg6+ 54. Kh2 Rg4 55. Kh3 h5 56. Kh2 Rh4+ 57. Kg3 Rc4 58. Be7 Re4 59.
Bc5 g5 60. Kh2 Rh4+ 61. Kg3 Rc4 62. Re2 h4+ 63. Kh2 g4 64. Be7 g3+ 65. Kh3 Be4
66. Bxh4 Bf5+ 67. Kxg3 Rg4+ 0-1

[Event "Aeroflot Open 2016"]
[Site "Moscu RUS"]
[Date "2016.03.06"]
[Round "6.18"]
[White "Demchenko, Anton"]
[Black "Korobov, Anton"]
[Result "0-1"]
[WhiteElo "2583"]
[BlackElo "2713"]
[PlyCount "60"]
[EventDate "2016.03.01"]
[EventType "swiss"]
[EventRounds "9"]
[EventCountry "RUS"]
[Source "lmi"]
[SourceDate "2016.03.01"]

1. e4 c5 2. Nf3 d6 3. d4 cxd4 4. Nxd4 Nf6 5. Nc3 Nc6 6. f3 e5 7. Nb3 a6 8. Be3
Be6 9. Qe2 Be7 10. O-O-O O-O 11. Kb1 b5 12. Qd2 Qc8 13. Nd5 Bd8 14. c4 a5 15.
Nxf6+ Bxf6 16. cxb5 Nb4 17. Nc1 d5 18. a3 d4 19. axb4 axb4 20. Qxb4 dxe3 21.
Be2 Qb7 22. Bc4 Be7 23. Qb3 Bxc4 24. Qxc4 Rfc8 25. Qb3 Ra5 26. Rd5 e2 27. Qe3
Rca8 28. b3 Qc8 29. Kb2 Ba3+ 30. Kb1 Bxc1 0-1

[Event "Aeroflot Open 2016"]
[Site "Moscu RUS"]
[Date "2016.03.06"]
[Round "6.19"]
[White "Jobava, Baadur"]
[Black "Alekseenko, Kirill"]
[Result "1/2-1/2"]
[WhiteElo "2676"]
[BlackElo "2554"]
[PlyCount "82"]
[EventDate "2016.03.01"]
[EventType "swiss"]
[EventRounds "9"]
[EventCountry "RUS"]
[Source "lmi"]
[SourceDate "2016.03.01"]

1. e4 c5 2. Nc3 Nc6 3. Nge2 Nf6 4. g3 d5 5. exd5 Nd4 6. Nxd4 cxd4 7. Nb5 e5 8.
Bg2 Bc5 9. O-O Bg4 10. Qe1 O-O 11. d3 Qd7 12. a4 a6 13. Na3 Bh3 14. Qxe5 Bxg2
15. Kxg2 Rfe8 16. Qf4 Qxa4 17. c4 b5 18. Qd2 bxc4 19. dxc4 Rab8 20. Qd3 Ng4 21.
Nc2 Qd7 22. Nxd4 Ne5 23. Qc3 Qg4 24. Nf3 Nxf3 25. Qxf3 Qxc4 26. Bf4 Rxb2 27. d6
Bxf2 28. d7 Bb6+ 29. Kh1 Rd8 30. Rae1 h6 31. Re8+ Kh7 32. Be5 Bf2 33. Rd1 Rd2
34. Kg2 Re2 35. Kh3 Bb6 36. Qf5+ g6 37. Qf6 Rxh2+ 38. Kxh2 Qe2+ 39. Kh3 Qh5+
40. Kg2 Qe2+ 41. Kh3 Qh5+ 1/2-1/2

[Event "Aeroflot Open 2016"]
[Site "Moscu RUS"]
[Date "2016.03.06"]
[Round "6.20"]
[White "Kunin, Vitaly"]
[Black "Moiseenko, Alexander"]
[Result "0-1"]
[WhiteElo "2584"]
[BlackElo "2668"]
[PlyCount "82"]
[EventDate "2016.03.01"]
[EventType "swiss"]
[EventRounds "9"]
[EventCountry "RUS"]
[Source "lmi"]
[SourceDate "2016.03.01"]

1. d4 f5 2. g3 Nf6 3. Bg2 e6 4. c4 c6 5. Nf3 d5 6. O-O Bd6 7. b3 Qe7 8. Bb2 b6
9. Ne5 Bb7 10. Nd2 O-O 11. Rc1 a5 12. e3 Na6 13. Nb1 c5 14. cxd5 exd5 15. Nc3
Rad8 16. Nb5 Bb8 17. Nd3 Ne4 18. Qe2 Nb4 19. a3 Nxd3 20. Qxd3 h5 21. dxc5 bxc5
22. Bc3 a4 23. bxa4 h4 24. Ba5 Rd7 25. Be1 hxg3 26. fxg3 g6 27. Nc3 Nf6 28. Rb1
Qe6 29. Rf2 Ba6 30. Qd1 Ba7 31. Nb5 Bxb5 32. axb5 c4 33. Re2 Bxe3+ 34. Rxe3
Qxe3+ 35. Bf2 Qxa3 36. b6 Qd3 37. Qc1 Ne4 38. Bxe4 dxe4 39. Ra1 f4 40. gxf4 c3
41. f5 c2 0-1

[Event "Aeroflot Open 2016"]
[Site "Moscu RUS"]
[Date "2016.03.06"]
[Round "6.22"]
[White "Khismatullin, Denis"]
[Black "Lalith, Babu M R"]
[Result "0-1"]
[WhiteElo "2621"]
[BlackElo "2573"]
[PlyCount "176"]
[EventDate "2016.03.01"]
[EventType "swiss"]
[EventRounds "9"]
[EventCountry "RUS"]
[Source "lmi"]
[SourceDate "2016.03.01"]

1. d4 Nf6 2. c4 e6 3. Nc3 Bb4 4. Qc2 d5 5. a3 Bxc3+ 6. Qxc3 O-O 7. Bg5 dxc4 8.
Qxc4 b6 9. Rd1 Ba6 10. Qa4 Bb7 11. f3 h6 12. Bh4 Qd7 13. Qc2 Nd5 14. Bf2 f5 15.
e3 Qe7 16. Nh3 Nd7 17. Bc4 Rac8 18. O-O c5 19. Qe2 Kh8 20. Rfe1 N7f6 21. dxc5
bxc5 22. e4 fxe4 23. fxe4 Nc7 24. Nf4 Qf7 25. Bxc5 Rfe8 26. Bd3 Nd7 27. Bd6 e5
28. Nh5 Ne6 29. Qg4 Nf6 30. Nxf6 Qxf6 31. Bb4 Nf4 32. Bc3 Rcd8 33. Bf1 Rxd1 34.
Qxd1 Rf8 35. Qd2 Bxe4 36. Bb4 Rf7 37. Bc3 Qg6 38. g3 Ne6 39. Bg2 Bxg2 40. Qxg2
Ng5 41. Rf1 Rxf1+ 42. Qxf1 Qe4 43. h4 Nf3+ 44. Kf2 Nh2 45. Qe2 Qf5+ 46. Kg2 Ng4
47. Qf3 Qc2+ 48. Kg1 h5 49. a4 Kg8 50. Qd5+ Kh7 51. Qf3 a5 52. Be1 Kg6 53. b3
Kh6 54. Bf2 Nxf2 55. Qe3+ Kh7 56. Qxf2 Qxf2+ 57. Kxf2 Kg6 58. Ke3 Kf5 59. b4
axb4 60. a5 b3 61. Kd2 e4 62. a6 b2 63. Kc2 e3 64. a7 e2 65. a8=Q b1=Q+ 66.
Kxb1 e1=Q+ 67. Kb2 Qe5+ 68. Kc1 Kg4 69. Qd8 Kxg3 70. Kd1 Qf6 71. Qc7+ Kxh4 72.
Ke2 Kg4 73. Qd7+ Kg5 74. Qd2+ Kg6 75. Qd3+ Qf5 76. Qd6+ Kh7 77. Qd8 Qf6 78.
Qd3+ Kh6 79. Qd2+ g5 80. Qd7 h4 81. Ke1 Qf3 82. Qe8 h3 83. Qh8+ Kg6 84. Kd2 Kf5
85. Qc8+ Kf4 86. Qc5 Kg4 87. Qc8+ Kg3 88. Qc5 Qf2+ 0-1

[Event "Aeroflot Open 2016"]
[Site "Moscu RUS"]
[Date "2016.03.06"]
[Round "6.23"]
[White "Antipov, Mikhail Al"]
[Black "Lu, Shanglei"]
[Result "0-1"]
[WhiteElo "2573"]
[BlackElo "2620"]
[PlyCount "66"]
[EventDate "2016.03.01"]
[EventType "swiss"]
[EventRounds "9"]
[EventCountry "RUS"]
[Source "lmi"]
[SourceDate "2016.03.01"]

1. e4 c5 2. Nf3 e6 3. b3 Nc6 4. Bb2 d5 5. Bb5 Nf6 6. e5 Nd7 7. Bxc6 bxc6 8. c4
g5 9. O-O Bg7 10. d4 O-O 11. dxc5 g4 12. Ne1 dxc4 13. Qxg4 Ba6 14. bxc4 Qb8 15.
Nd3 Nxc5 16. Nxc5 Qxb2 17. Nb3 h5 18. Qe4 Rab8 19. N1d2 Qxe5 20. Qf3 Rfd8 21.
Rab1 Qg5 22. Ne4 Qg4 23. Na5 Rxb1 24. Rxb1 Rd4 25. h3 Qxe4 26. Rb8+ Bf8 27.
Qg3+ Qg6 28. Qe5 Re4 29. Qc5 Re1+ 30. Kh2 Qh6 31. g3 h4 32. Nxc6 hxg3+ 33. Kg2
Bb7 0-1

[Event "Aeroflot Open 2016"]
[Site "Moscu RUS"]
[Date "2016.03.06"]
[Round "6.24"]
[White "Cordova, Emilio"]
[Black "Shyam, Sundar M"]
[Result "1-0"]
[WhiteElo "2610"]
[BlackElo "2523"]
[PlyCount "69"]
[EventDate "2016.03.01"]
[EventType "swiss"]
[EventRounds "9"]
[EventCountry "RUS"]
[Source "lmi"]
[SourceDate "2016.03.01"]

1. d4 d5 2. Bg5 f6 3. Bf4 c5 4. e3 Nc6 5. Nf3 g5 6. Bg3 g4 7. Nh4 cxd4 8. exd4
Qb6 9. Nc3 e5 10. Bb5 a6 11. Ba4 Nge7 12. dxe5 Qxb2 13. Ne2 Bg7 14. e6 f5 15.
Rb1 Qxa2 16. Bxc6+ bxc6 17. Bd6 Bf6 18. Bxe7 Kxe7 19. Nxf5+ Kxe6 20. Ned4+ Kf7
21. O-O Bxf5 22. Nxf5 Rhb8 23. Rxb8 Rxb8 24. Qxg4 Rb1 25. Qh5+ Ke6 26. g4 Rxf1+
27. Kxf1 Qb1+ 28. Kg2 Qb8 29. Qxh7 a5 30. Qg6 a4 31. Nd4+ Kd6 32. Qxf6+ Kc5 33.
Ne6+ Kb6 34. Qb2+ Ka7 35. Qd4+ 1-0

[Event "Aeroflot Open 2016"]
[Site "Moscu RUS"]
[Date "2016.03.06"]
[Round "6.26"]
[White "Van Foreest, Jorden"]
[Black "Petrosian, Tigran L"]
[Result "1/2-1/2"]
[WhiteElo "2557"]
[BlackElo "2607"]
[PlyCount "85"]
[EventDate "2016.03.01"]
[EventType "swiss"]
[EventRounds "9"]
[EventCountry "RUS"]
[Source "lmi"]
[SourceDate "2016.03.01"]

1. e4 d6 2. d4 Nf6 3. Nc3 g6 4. Be3 c6 5. h3 Bg7 6. Qd2 O-O 7. Nf3 Nbd7 8. Bh6
e5 9. Bd3 Re8 10. O-O Qe7 11. Rfe1 b6 12. Ne2 c5 13. dxc5 Nxc5 14. Nc3 Nxd3 15.
cxd3 Bxh6 16. Qxh6 Bb7 17. Rad1 Qf8 18. Qh4 Kg7 19. d4 Qe7 20. Qg5 h6 21. Qe3
Rad8 22. Rd2 d5 23. dxe5 Nxe4 24. Rd4 f6 25. Ra4 Ra8 26. Nxe4 dxe4 27. exf6+
Qxf6 28. Nd4 a5 29. Rc4 Rac8 30. Rec1 Rxc4 31. Rxc4 Re7 32. Rc2 Kh7 33. Rd2 Ba6
34. Ne2 g5 35. Nc3 Qf4 36. Qd4 Bd3 37. Rd1 Qf5 38. f3 exf3 39. g4 Rd7 40. Qe3
Qc5 41. Qxc5 bxc5 42. Ne4 Re7 43. Nxg5+ 1/2-1/2

[Event "Aeroflot Open 2016"]
[Site "Moscu RUS"]
[Date "2016.03.06"]
[Round "6.27"]
[White "Kotronias, Vasilios"]
[Black "Eliseev, Urii"]
[Result "0-1"]
[WhiteElo "2541"]
[BlackElo "2601"]
[PlyCount "102"]
[EventDate "2016.03.01"]
[EventType "swiss"]
[EventRounds "9"]
[EventCountry "RUS"]
[Source "lmi"]
[SourceDate "2016.03.01"]

1. e4 c5 2. Nf3 Nc6 3. d4 cxd4 4. Nxd4 Nf6 5. Nc3 d6 6. Bg5 e6 7. Qd2 a6 8.
O-O-O Be7 9. f4 Nxd4 10. Qxd4 b5 11. Bxf6 gxf6 12. Kb1 Rb8 13. Qd3 Qb6 14. Ne2
a5 15. f5 Bd7 16. Nf4 Qc5 17. g3 b4 18. fxe6 fxe6 19. Bh3 Qe5 20. Rhe1 a4 21.
Qc4 Kf7 22. Qf1 Ke8 23. Qf2 a3 24. Nd3 Qh5 25. e5 fxe5 26. Nxe5 dxe5 27. Rxd7
Kxd7 28. Qa7+ Kd6 29. Qa6+ Kc5 30. Bg2 Rhc8 31. Qxe6 Rc7 32. Rxe5+ Qxe5 33.
Qxe5+ Kb6 34. c4 Bc5 35. bxa3 bxa3 36. Kc1 h6 37. Qc3 Re7 38. g4 Ka6 39. Qf3
Re1+ 40. Kd2 Re6 41. Qf5 Rb2+ 42. Kd1 Rd6+ 43. Bd5 Ka5 44. Qc8 Kb4 45. Qe8 Rb6
46. Qe1+ Ka4 47. Qe8+ Ka5 48. Qe1+ R6b4 49. Qe8 Rb1+ 50. Ke2 R4b2+ 51. Kf3 Rf1+
0-1

[Event "Aeroflot Open 2016"]
[Site "Moscu RUS"]
[Date "2016.03.06"]
[Round "6.28"]
[White "Azarov, Sergei"]
[Black "Esipenko, Andrey"]
[Result "1/2-1/2"]
[WhiteElo "2599"]
[BlackElo "2445"]
[PlyCount "73"]
[EventDate "2016.03.01"]
[EventType "swiss"]
[EventRounds "9"]
[EventCountry "RUS"]
[Source "lmi"]
[SourceDate "2016.03.01"]

1. e4 e5 2. Nf3 Nc6 3. Bb5 a6 4. Ba4 Nf6 5. O-O Be7 6. Re1 b5 7. Bb3 d6 8. c3
O-O 9. h3 Bb7 10. d4 Re8 11. Nbd2 exd4 12. cxd4 Nd7 13. Nf1 Na5 14. Bc2 Bf6 15.
Ng3 g6 16. Bh6 Nc4 17. b3 Na3 18. Bd3 c5 19. Bf4 Nf8 20. e5 dxe5 21. dxe5 Be7
22. Be4 Qxd1 23. Raxd1 Bxe4 24. Nxe4 Ne6 25. Bc1 Nc2 26. Re2 Ncd4 27. Nxd4 cxd4
28. g3 Red8 29. Rd3 a5 30. Kg2 a4 31. h4 axb3 32. axb3 Rd5 33. Bg5 Nxg5 34.
hxg5 Rxe5 35. Rxd4 Re6 36. Rc2 Rd8 37. Rxd8+ 1/2-1/2

[Event "Aeroflot Open 2016"]
[Site "Moscu RUS"]
[Date "2016.03.06"]
[Round "6.29"]
[White "Xu, Yinglun"]
[Black "Timofeev, Artyom"]
[Result "0-1"]
[WhiteElo "2518"]
[BlackElo "2593"]
[PlyCount "112"]
[EventDate "2016.03.01"]
[EventType "swiss"]
[EventRounds "9"]
[EventCountry "RUS"]
[Source "lmi"]
[SourceDate "2016.03.01"]

1. d4 d5 2. Nf3 Nf6 3. c4 dxc4 4. e3 e6 5. Bxc4 c5 6. O-O a6 7. Bb3 Be7 8. Qe2
cxd4 9. exd4 Nc6 10. Rd1 Na5 11. Bc2 b5 12. Nc3 Bb7 13. Bg5 O-O 14. Ne5 Rc8 15.
Bxf6 Bxf6 16. Be4 Qc7 17. Qh5 g6 18. Qf3 Bg7 19. Bxb7 Qxb7 20. Ne4 f6 21. Nd3
f5 22. Ng5 Qxf3 23. Nxf3 Nc6 24. Nc5 Nxd4 25. Nxd4 Bxd4 26. Nxe6 Bxb2 27. Rab1
Rfe8 28. Rxb2 Rxe6 29. g3 Rec6 30. Rd7 Rc2 31. Rb3 R8c3 32. Ra7 Rxb3 33. axb3
Ra2 34. b4 g5 35. h4 gxh4 36. gxh4 h5 37. Kg2 Ra3 38. Kh2 Kf8 39. Kg2 Ke8 40.
Kh2 Kd8 41. Kg2 Kc8 42. f3 Ra4 43. Kg3 Kb8 44. Rh7 Rxb4 45. Rxh5 Rb1 46. Kf4 b4
47. Rxf5 Rh1 48. Rc5 Rxh4+ 49. Ke3 Kb7 50. f4 Kb6 51. Rc8 Rh1 52. f5 Kb5 53. f6
Rf1 54. Rb8+ Kc4 55. Rf8 a5 56. Ra8 Rxf6 0-1

[Event "Aeroflot Open 2016"]
[Site "Moscu RUS"]
[Date "2016.03.06"]
[Round "6.30"]
[White "Gasanov, Eldar"]
[Black "Socko, Bartosz"]
[Result "1/2-1/2"]
[WhiteElo "2503"]
[BlackElo "2587"]
[PlyCount "116"]
[EventDate "2016.03.01"]
[EventType "swiss"]
[EventRounds "9"]
[EventCountry "RUS"]
[Source "lmi"]
[SourceDate "2016.03.01"]

1. d4 Nf6 2. Nf3 e6 3. Bf4 d5 4. e3 Bd6 5. Bxd6 Qxd6 6. c4 b6 7. cxd5 exd5 8.
Nc3 O-O 9. Rc1 c6 10. Be2 Bg4 11. O-O Nbd7 12. Qc2 Rfe8 13. Rfd1 h6 14. a3 Rac8
15. h3 Bh5 16. Nh4 Bxe2 17. Qxe2 a5 18. Nf5 Qe6 19. Qf3 Kh7 20. g4 g6 21. Ng3
Kg7 22. Rc2 b5 23. a4 Ne4 24. b3 Nxc3 25. Rxc3 b4 26. Rc2 c5 27. dxc5 Nxc5 28.
Rb1 Ne4 29. Rbc1 Ng5 30. Qd1 Rxc2 31. Rxc2 Qd6 32. Kg2 Ne6 33. Ne2 Qe5 34. Rd2
Qe4+ 35. Kh2 Qe5+ 36. Kg2 Qe4+ 37. Kh2 Qf3 38. Qa1+ Kg8 39. Nd4 Qf6 40. Kg2 Rc8
41. Qd1 Rc5 42. Nf3 Qd8 43. Rd3 Qa8 44. Nd4 Ng5 45. h4 Ne4 46. f3 Nf6 47. Ne2
Qc6 48. Rd2 Qe6 49. Kf2 Qe5 50. Qg1 h5 51. g5 Ne8 52. Qg3 Qc7 53. Qxc7 Nxc7 54.
Nd4 Kf8 55. Rc2 Rxc2+ 56. Nxc2 Ne6 57. Nd4 Nxd4 58. exd4 Ke7 1/2-1/2

[Event "Aeroflot Open 2016"]
[Site "Moscu RUS"]
[Date "2016.03.06"]
[Round "6.31"]
[White "Wagner, Dennis"]
[Black "Lei, Tingjie"]
[Result "1/2-1/2"]
[WhiteElo "2583"]
[BlackElo "2495"]
[PlyCount "153"]
[EventDate "2016.03.01"]
[EventType "swiss"]
[EventRounds "9"]
[EventCountry "RUS"]
[Source "lmi"]
[SourceDate "2016.03.01"]

1. d4 Nf6 2. Bf4 g6 3. Nc3 c5 4. dxc5 Qa5 5. e4 Bg7 6. Qd2 Qxc5 7. Nf3 d6 8.
Be2 O-O 9. O-O b6 10. Ne1 Bb7 11. Nd3 Qc8 12. Bf3 Nc6 13. Ne2 Rd8 14. Bh6 Ne5
15. Bxg7 Nxf3+ 16. gxf3 Kxg7 17. Ng3 e5 18. Rfe1 Qe6 19. Rac1 d5 20. Qg5 dxe4
21. fxe4 Re8 22. c4 a5 23. f3 Rad8 24. Nf2 h6 25. Qe3 Nd7 26. Red1 f5 27. exf5
gxf5 28. Rd6 f4 29. Nh5+ Kf8 30. Qd3 e4 31. fxe4 Qe7 32. Nxf4 Ne5 33. Rxd8 Nxd3
34. Ng6+ Kf7 35. Nxe7 Nxc1 36. Rxe8 Kxe8 37. Nd5 Nxa2 38. Nxb6 Nc1 39. Kg2 Ke7
40. Kf3 Kd6 41. Kf4 Kc5 42. Nd7+ Kxc4 43. e5 Kd5 44. Kf5 Ne2 45. Nf6+ Kc4 46.
e6 Nd4+ 47. Ke5 Nxe6 48. Kxe6 Kb3 49. Nd3 Kc2 50. Nc5 Bc8+ 51. Kf7 Kxb2 52. h4
Kc3 53. Kg6 Kb4 54. Nfe4 Bg4 55. Kxh6 Kc4 56. Na4 Kd4 57. Kg5 Bf3 58. Nf2 Bc6
59. Nb6 Be8 60. Ng4 Kc5 61. Nf6 Kxb6 62. Nxe8 a4 63. Nf6 a3 64. Nd5+ Kc5 65.
Nc3 Kc4 66. h5 Kxc3 67. h6 a2 68. h7 Kb2 69. h8=Q+ Kb1 70. Qb8+ Kc2 71. Qc7+
Kb2 72. Qb6+ Kc2 73. Qc5+ Kb2 74. Qb4+ Kc2 75. Qa3 Kb1 76. Qb3+ Ka1 77. Kf4
1/2-1/2